000
00288nam a22000977a 4500
008
150824b xxu||||| |||| 00| 0 eng d
082
_a
307.76 SCH
100
_a
SCHUCHTER, ARNOLD
245
_a
WHITE POWER/ BLACK FREEDOM PLANNING THE FUTURE OF URBAN AMERICA
260
_a
BOSTON
_b
BEACON PRESS
_c
1968
999
_c
502
_d
502